[Event "World Chess Olympiad 2018"]
[Site "Batumi"]
[Date "2018.09.26"]
[Round "3"]
[Board "4"]
[WhiteFideId "3401294"]
[White "Valenzuela Fuentealba Luis"]
[BlackFideId "304760"]
[Black "Stocek Jiri"]
[Result "0-1"]
[LiveChessVersion "1.4.8"]
[BlackElo "2574"]
[WhiteElo "2443"]

1. d4 {[%clk 1:30:56]} Nf6 {[%clk 1:30:38]} 2. c4 {[%clk 1:31:02]} e6
{[%clk 1:30:52]} 3. Nf3 {[%clk 1:31:12]} Bb4+ {[%clk 1:30:43]} 4. Nbd2
{[%clk 1:30:56]} d5 {[%clk 1:29:16]} 5. Qa4+ {[%clk 1:29:07]} Nc6
{[%clk 1:27:19]} 6. a3 {[%clk 1:29:08]} Be7 {[%clk 1:27:44]} 7. e3
{[%clk 1:27:29]} a5 {[%clk 1:27:38]} 8. b4 {[%clk 1:25:29]} O-O {[%clk 1:24:50]}
9. c5 {[%clk 1:15:56]} Nb8 {[%clk 1:23:19]} 10. Bd3 {[%clk 0:48:03]} c6
{[%clk 1:17:38]} 11. Bb2 {[%clk 0:46:38]} b6 {[%clk 1:16:56]} 12. Ne5
{[%clk 0:38:22]} Nfd7 {[%clk 1:08:05]} 13. Nxd7 {[%clk 0:30:11]} Nxd7
{[%clk 1:07:54]} 14. O-O {[%clk 0:29:43]} Bb7 {[%clk 1:00:35]} 15. Qc2
{[%clk 0:23:29]} h6 {[%clk 0:58:14]} 16. Bc3 {[%clk 0:22:38]} Ba6
{[%clk 0:43:45]} 17. Rfb1 {[%clk 0:22:32]} Bxd3 {[%clk 0:43:32]} 18. Qxd3
{[%clk 0:22:56]} Re8 {[%clk 0:30:19]} 19. Qc2 {[%clk 0:18:37]} axb4
{[%clk 0:26:33]} 20. axb4 {[%clk 0:18:59]} Qc7 {[%clk 0:26:46]} 21. Ra2
{[%clk 0:15:36]} Qb7 {[%clk 0:21:06]} 22. Rba1 {[%clk 0:15:37]} Reb8
{[%clk 0:18:42]} 23. h3 {[%clk 0:14:16]} Bf6 {[%clk 0:18:28]} 24. f4
{[%clk 0:09:25]} Rxa2 {[%clk 0:17:05]} 25. Rxa2 {[%clk 0:09:50]} Ra8
{[%clk 0:17:04]} 26. Rxa8+ {[%clk 0:09:17]} Qxa8 {[%clk 0:17:29]} 27. Nf3
{[%clk 0:09:33]} Qa3 {[%clk 0:15:23]} 28. Bd2 {[%clk 0:03:41]} Qa6
{[%clk 0:13:24]} 29. Qb3 {[%clk 0:03:18]} Bd8 {[%clk 0:13:04]} 30. Qc2
{[%clk 0:03:10]} Bc7 {[%clk 0:12:35]} 31. cxb6 {[%clk 0:01:25]} Qxb6
{[%clk 0:12:51]} 32. f5 {[%clk 0:01:12]} Nf6 {[%clk 0:09:38]} 33. fxe6
{[%clk 0:01:29]} fxe6 {[%clk 0:10:04]} 34. Qg6 {[%clk 0:01:54]} Qa6
{[%clk 0:10:05]} 35. Qc2 {[%clk 0:01:00]} Ne4 {[%clk 0:07:58]} 36. Be1
{[%clk 0:01:03]} Bd6 {[%clk 0:07:48]} 37. Ne5 {[%clk 0:00:55]} Bxe5
{[%clk 0:06:48]} 38. dxe5 {[%clk 0:01:19]} Kf7 {[%clk 0:04:51]} 39. Qd1
{[%clk 0:00:51]} Ke7 {[%clk 0:04:04]} 40. Kh2 {[%clk 0:30:41]} Qa7
{[%clk 0:32:28]} 41. b5 {[%clk 0:18:42]} c5 {[%clk 0:18:35]} 42. Qh5
{[%clk 0:09:06]} Qa1 {[%clk 0:15:05]} 43. Bg3 {[%clk 0:08:08]} Nd2
{[%clk 0:11:51]} 44. Bh4+ {[%clk 0:07:08]} Kf8 {[%clk 0:10:38]} 45. Kg3
{[%clk 0:03:39]} Qe1+ {[%clk 0:10:04]} 46. Kh2 {[%clk 0:04:05]} Qb1
{[%clk 0:09:38]} 47. Kg3 {[%clk 0:01:51]} Qxb5 {[%clk 0:08:14]} 48. Qd1
{[%clk 0:01:09]} Qd3 {[%clk 0:07:28]} 49. Qa4 {[%clk 0:01:24]} g5
{[%clk 0:05:15]} 50. Qa8+ {[%clk 0:01:17]} Kf7 {[%clk 0:04:53]} 51. Qb7+
{[%clk 0:01:10]} Kg6 {[%clk 0:05:15]} 52. Qc6 {[%clk 0:01:27]} Qxe3+
{[%clk 0:03:53]} 53. Kh2 {[%clk 0:01:50]} Qxe5+ {[%clk 0:04:08]} 54. Kg1
{[%clk 0:02:02]} gxh4 {[%clk 0:03:09]} 55. Qe8+ {[%clk 0:02:14]} Kh7
{[%clk 0:02:54]} 56. Qf7+ {[%clk 0:02:28]} Qg7 {[%clk 0:03:20]} 57. Qxe6
{[%clk 0:02:53]} Qa1+ {[%clk 0:03:13]} 58. Kh2 {[%clk 0:03:08]} Nf1+
{[%clk 0:03:31]} 59. Kg1 {[%clk 0:03:33]} Ng3+ {[%clk 0:03:47]} 0-1

[Event "World Chess Olympiad 2018"]
[Site "Batumi"]
[Date "2018.09.26"]
[Round "3"]
[Board "4"]
[WhiteFideId "5004985"]
[White "Sasikiran Krishnan"]
[BlackFideId "2606577"]
[Black "Hambleton Aman"]
[Result "1-0"]
[LiveChessVersion "1.4.8"]
[BlackElo "2492"]
[WhiteElo "2672"]

1. e4 {[%clk 1:30:56]} c5 {[%clk 1:30:32]} 2. Nf3 {[%clk 1:31:08]} e6
{[%clk 1:30:46]} 3. d4 {[%clk 1:31:18]} cxd4 {[%clk 1:31:09]} 4. Nxd4
{[%clk 1:31:37]} Nc6 {[%clk 1:31:20]} 5. Nc3 {[%clk 1:31:39]} Qc7
{[%clk 1:31:04]} 6. Be3 {[%clk 1:31:27]} a6 {[%clk 1:31:12]} 7. a3
{[%clk 1:29:38]} b5 {[%clk 1:27:42]} 8. Nxc6 {[%clk 1:28:23]} Qxc6
{[%clk 1:26:42]} 9. Be2 {[%clk 1:28:31]} Bb7 {[%clk 1:25:23]} 10. Qd2
{[%clk 1:27:52]} Rc8 {[%clk 0:52:15]} 11. Rd1 {[%clk 1:01:53]} Nf6
{[%clk 0:38:43]} 12. Bf3 {[%clk 0:54:47]} b4 {[%clk 0:37:34]} 13. axb4
{[%clk 0:42:31]} Bxb4 {[%clk 0:37:54]} 14. O-O {[%clk 0:42:26]} Bxc3
{[%clk 0:33:28]} 15. bxc3 {[%clk 0:42:34]} O-O {[%clk 0:30:49]} 16. e5
{[%clk 0:39:19]} Nd5 {[%clk 0:27:41]} 17. Bd4 {[%clk 0:35:59]} a5
{[%clk 0:23:02]} 18. Ra1 {[%clk 0:32:29]} Ba6 {[%clk 0:12:24]} 19. Rfe1
{[%clk 0:18:41]} a4 {[%clk 0:08:30]} 20. Bxd5 {[%clk 0:17:09]} Qxd5
{[%clk 0:01:47]} 21. Rxa4 {[%clk 0:16:26]} Bb7 {[%clk 0:01:58]} 22. f3
{[%clk 0:16:15]} Bc6 {[%clk 0:01:12]} 23. Rb4 {[%clk 0:10:54]} Rb8
{[%clk 0:00:33]} 24. Ra1 {[%clk 0:08:07]} h6 {[%clk 0:00:36]} 25. h4
{[%clk 0:07:59]} Rfc8 {[%clk 0:00:33]} 26. Kh2 {[%clk 0:05:07]} Re8
{[%clk 0:00:32]} 27. Qe3 {[%clk 0:04:56]} Bb5 {[%clk 0:00:33]} 28. Rab1
{[%clk 0:04:59]} 1-0

[Event "World Chess Olympiad 2018"]
[Site "Batumi"]
[Date "2018.09.26"]
[Round "3"]
[Board "1"]
[WhiteFideId "12800112"]
[White "Sulskis Sarunas"]
[BlackFideId "1510045"]
[Black "Tari Aryan"]
[Result "1/2-1/2"]
[LiveChessVersion "1.4.8"]
[BlackElo "2618"]
[WhiteElo "2525"]

1. c4 {[%clk 1:30:54]} g6 {[%clk 1:29:44]} 2. Nc3 {[%clk 1:30:33]} c5
{[%clk 1:29:40]} 3. g3 {[%clk 1:25:03]} Bg7 {[%clk 1:29:15]} 4. Bg2
{[%clk 1:25:27]} Nc6 {[%clk 1:29:36]} 5. e3 {[%clk 1:18:13]} e6 {[%clk 1:27:36]}
6. Nge2 {[%clk 1:18:24]} Nge7 {[%clk 1:27:52]} 7. O-O {[%clk 1:11:49]} O-O
{[%clk 1:26:54]} 8. d4 {[%clk 1:06:27]} cxd4 {[%clk 1:25:34]} 9. exd4
{[%clk 1:03:08]} d5 {[%clk 1:24:16]} 10. cxd5 {[%clk 1:02:07]} Nxd5
{[%clk 1:21:41]} 11. Nxd5 {[%clk 0:58:21]} exd5 {[%clk 1:21:28]} 12. Be3
{[%clk 0:58:47]} Bg4 {[%clk 1:08:07]} 13. h3 {[%clk 0:56:45]} Bxe2
{[%clk 1:06:14]} 14. Qxe2 {[%clk 0:54:29]} Nxd4 {[%clk 1:05:48]} 15. Qd3
{[%clk 0:50:27]} Qf6 {[%clk 1:03:45]} 16. Bxd4 {[%clk 0:42:05]} Qxd4
{[%clk 1:04:06]} 17. Qxd4 {[%clk 0:42:31]} Bxd4 {[%clk 1:04:30]} 18. Rfd1
{[%clk 0:42:55]} Bb6 {[%clk 1:02:19]} 19. a4 {[%clk 0:39:24]} Rad8
{[%clk 1:00:58]} 20. a5 {[%clk 0:39:05]} Bc5 {[%clk 1:01:12]} 21. Rxd5
{[%clk 0:33:49]} Rxd5 {[%clk 1:01:21]} 22. Bxd5 {[%clk 0:34:12]} Rd8
{[%clk 1:01:11]} 23. Rd1 {[%clk 0:33:07]} Kg7 {[%clk 1:01:19]} 24. Bf3
{[%clk 0:32:44]} Rxd1+ {[%clk 1:01:37]} 25. Bxd1 {[%clk 0:33:07]} Bb4
{[%clk 1:02:04]} 26. Bf3 {[%clk 0:33:17]} Bxa5 {[%clk 1:02:30]} 27. Bxb7
{[%clk 0:33:42]} Bb6 {[%clk 1:02:55]} 28. Kg2 {[%clk 0:34:03]} h5
{[%clk 1:03:00]} 29. g4 {[%clk 0:34:22]} hxg4 {[%clk 1:03:13]} 30. hxg4
{[%clk 0:34:45]} f5 {[%clk 1:03:37]} 31. gxf5 {[%clk 0:35:02]} gxf5
{[%clk 1:04:02]} 32. Kf3 {[%clk 0:35:28]} Kf7 {[%clk 1:04:26]} 33. b3
{[%clk 0:35:32]} f4 {[%clk 1:04:48]} 34. Kxf4 {[%clk 0:35:31]} Bxf2
{[%clk 1:05:12]} 35. Ke5 {[%clk 0:35:54]} 1/2-1/2

[Event "World Chess Olympiad 2018"]
[Site "Batumi"]
[Date "2018.09.26"]
[Round "3"]
[Board "2"]
[WhiteFideId "1512668"]
[White "Christiansen Johan-Sebastian"]
[BlackFideId "12809390"]
[Black "Pultinevicius Paulius"]
[Result "1-0"]
[LiveChessVersion "1.4.8"]
[BlackElo "2465"]
[WhiteElo "2525"]

1. c4 {[%clk 1:30:57]} Nf6 {[%clk 1:29:37]} 2. g3 {[%clk 1:30:18]} c6
{[%clk 1:28:06]} 3. Bg2 {[%clk 1:30:39]} d5 {[%clk 1:28:22]} 4. Nf3
{[%clk 1:30:56]} g6 {[%clk 1:27:40]} 5. b3 {[%clk 1:30:57]} Bg7 {[%clk 1:26:20]}
6. Bb2 {[%clk 1:31:25]} O-O {[%clk 1:24:58]} 7. O-O {[%clk 1:31:51]} Nbd7
{[%clk 1:24:11]} 8. e3 {[%clk 1:29:39]} Re8 {[%clk 1:21:13]} 9. d4
{[%clk 1:14:28]} Ne4 {[%clk 1:10:11]} 10. Nfd2 {[%clk 1:05:56]} Ndf6
{[%clk 1:05:18]} 11. Nc3 {[%clk 0:59:04]} Nxc3 {[%clk 1:02:05]} 12. Bxc3
{[%clk 0:59:32]} Bf5 {[%clk 1:01:59]} 13. Qe2 {[%clk 0:53:40]} Qd7
{[%clk 0:50:17]} 14. Rfd1 {[%clk 0:50:51]} Rad8 {[%clk 0:44:30]} 15. Rac1
{[%clk 0:48:39]} Bh3 {[%clk 0:43:47]} 16. Bh1 {[%clk 0:48:37]} Qf5
{[%clk 0:41:47]} 17. Bb2 {[%clk 0:39:53]} h5 {[%clk 0:35:39]} 18. cxd5
{[%clk 0:29:07]} cxd5 {[%clk 0:33:07]} 19. Rc7 {[%clk 0:29:35]} Rc8
{[%clk 0:30:13]} 20. Rdc1 {[%clk 0:26:08]} h4 {[%clk 0:24:03]} 21. Qb5
{[%clk 0:20:55]} Rxc7 {[%clk 0:19:21]} 22. Rxc7 {[%clk 0:21:22]} Bh6
{[%clk 0:19:43]} 23. Bf3 {[%clk 0:19:03]} Kg7 {[%clk 0:18:36]} 24. Ba3
{[%clk 0:17:55]} a6 {[%clk 0:09:11]} 25. Qe2 {[%clk 0:16:49]} e5 {[%clk 0:09:32]}
26. dxe5 {[%clk 0:12:06]} Qxe5 {[%clk 0:09:48]} 27. Rc1 {[%clk 0:10:34]} hxg3
{[%clk 0:03:45]} 28. hxg3 {[%clk 0:11:03]} d4 {[%clk 0:02:18]} 29. Nc4
{[%clk 0:06:04]} Qe6 {[%clk 0:02:20]} 30. Re1 {[%clk 0:06:33]} dxe3
{[%clk 0:00:36]} 31. Nxe3 {[%clk 0:07:01]} Bxe3 {[%clk 0:00:35]} 32. fxe3
{[%clk 0:06:50]} Ne4 {[%clk 0:00:36]} 33. Bb2+ {[%clk 0:07:04]} f6
{[%clk 0:01:00]} 34. Qh2 {[%clk 0:02:04]} Ng5 {[%clk 0:00:36]} 35. Bxb7
{[%clk 0:01:26]} Bf5 {[%clk 0:00:31]} 36. Qh4 {[%clk 0:00:57]} Nh3+
{[%clk 0:00:37]} 37. Kg2 {[%clk 0:01:26]} Rh8 {[%clk 0:00:31]} 38. Qc4
{[%clk 0:01:24]} Qb6 {[%clk 0:00:56]} 39. Qc6 {[%clk 0:01:15]} Qd8
{[%clk 0:01:03]} 40. Rd1 {[%clk 0:30:35]} Be4+ {[%clk 0:30:46]} 41. Qxe4
{[%clk 0:26:42]} Qxd1 {[%clk 0:30:40]} 42. Qe7+ {[%clk 0:26:32]} Kh6
{[%clk 0:28:37]} 43. Qxf6 {[%clk 0:25:21]} Rh7 {[%clk 0:22:00]} 44. Bf3
{[%clk 0:18:40]} Qc2+ {[%clk 0:20:23]} 45. Kxh3 {[%clk 0:18:59]} Qf5+
{[%clk 0:20:41]} 46. g4 {[%clk 0:16:43]} 1-0

[Event "World Chess Olympiad 2018"]
[Site "Batumi"]
[Date "2018.09.26"]
[Round "3"]
[Board "3"]
[WhiteFideId "12803731"]
[White "Laurusas Tomas"]
[BlackFideId "1506536"]
[Black "Notkevich Benjamin Arvola"]
[Result "1-0"]
[LiveChessVersion "1.4.8"]
[BlackElo "2493"]
[WhiteElo "2484"]

1. d4 {[%clk 1:30:53]} Nf6 {[%clk 1:30:56]} 2. c4 {[%clk 1:31:07]} g6
{[%clk 1:31:21]} 3. Nf3 {[%clk 1:31:32]} Bg7 {[%clk 1:31:45]} 4. g3
{[%clk 1:31:54]} O-O {[%clk 1:31:58]} 5. Bg2 {[%clk 1:32:17]} c6 {[%clk 1:32:16]}
6. O-O {[%clk 1:32:37]} d5 {[%clk 1:32:39]} 7. b3 {[%clk 1:33:02]} Ne4
{[%clk 1:29:49]} 8. Bb2 {[%clk 1:33:16]} Bf5 {[%clk 1:30:09]} 9. Nc3
{[%clk 1:25:37]} Nxc3 {[%clk 1:22:47]} 10. Bxc3 {[%clk 1:25:57]} Be4
{[%clk 1:23:07]} 11. e3 {[%clk 1:25:38]} c5 {[%clk 1:20:42]} 12. Rc1
{[%clk 1:23:29]} cxd4 {[%clk 1:16:01]} 13. Bxd4 {[%clk 1:20:54]} Nc6
{[%clk 1:14:40]} 14. Bxg7 {[%clk 1:13:01]} Kxg7 {[%clk 1:15:04]} 15. Qe2
{[%clk 1:09:24]} Qa5 {[%clk 1:09:30]} 16. Rfd1 {[%clk 1:05:00]} Rad8
{[%clk 1:00:25]} 17. c5 {[%clk 1:02:08]} e5 {[%clk 0:40:49]} 18. Qb2
{[%clk 1:01:51]} d4 {[%clk 0:34:29]} 19. exd4 {[%clk 0:55:49]} Bxf3
{[%clk 0:34:41]} 20. Bxf3 {[%clk 0:55:45]} Nxd4 {[%clk 0:34:54]} 21. Bg2
{[%clk 0:49:46]} Qb5 {[%clk 0:32:12]} 22. Re1 {[%clk 0:46:52]} Rfe8
{[%clk 0:31:59]} 23. b4 {[%clk 0:46:50]} b6 {[%clk 0:19:43]} 24. c6
{[%clk 0:37:51]} Rc8 {[%clk 0:17:08]} 25. a4 {[%clk 0:37:50]} Qd3
{[%clk 0:12:16]} 26. Re3 {[%clk 0:33:52]} Qf5 {[%clk 0:10:05]} 27. b5
{[%clk 0:29:19]} Qf6 {[%clk 0:08:42]} 28. Rce1 {[%clk 0:25:14]} Qd6
{[%clk 0:08:13]} 29. f4 {[%clk 0:24:57]} f6 {[%clk 0:06:55]} 30. fxe5
{[%clk 0:25:20]} Rxe5 {[%clk 0:06:16]} 31. Rxe5 {[%clk 0:25:43]} fxe5
{[%clk 0:06:42]} 32. Qa2 {[%clk 0:24:02]} Qc5 {[%clk 0:04:43]} 33. Kh1
{[%clk 0:24:26]} Rf8 {[%clk 0:04:31]} 34. Qd5 {[%clk 0:24:40]} Qxd5
{[%clk 0:04:01]} 35. Bxd5 {[%clk 0:25:02]} Rc8 {[%clk 0:00:46]} 36. Rxe5
{[%clk 0:24:24]} Rc7 {[%clk 0:00:35]} 37. g4 {[%clk 0:23:36]} Kf6
{[%clk 0:00:35]} 38. Re4 {[%clk 0:24:01]} Nc2 {[%clk 0:00:56]} 39. Bb3
{[%clk 0:21:18]} Na3 {[%clk 0:01:21]} 40. Re1 {[%clk 0:50:24]} a6
{[%clk 0:31:45]} 41. bxa6 {[%clk 0:49:53]} b5 {[%clk 0:31:51]} 42. Re6+
{[%clk 0:49:33]} Kg7 {[%clk 0:32:14]} 43. Rd6 {[%clk 0:49:38]} Kh6
{[%clk 0:32:15]} 44. g5+ {[%clk 0:49:53]} Kh5 {[%clk 0:32:33]} 45. Bd1+
{[%clk 0:50:18]} 1-0

[Event "World Chess Olympiad 2018"]
[Site "Batumi"]
[Date "2018.09.26"]
[Round "3"]
[Board "4"]
[WhiteFideId "1509500"]
[White "Salomon Johan"]
[BlackFideId "12804444"]
[Black "Stremavicius Titas"]
[Result "1/2-1/2"]
[LiveChessVersion "1.4.8"]
[BlackElo "2467"]
[WhiteElo "2477"]

1. e4 {[%clk 1:30:56]} d6 {[%clk 1:30:31]} 2. d4 {[%clk 1:31:04]} Nf6
{[%clk 1:30:55]} 3. Nc3 {[%clk 1:31:25]} g6 {[%clk 1:31:20]} 4. f4
{[%clk 1:31:49]} Bg7 {[%clk 1:31:42]} 5. a3 {[%clk 1:32:13]} O-O {[%clk 1:21:25]}
6. Nf3 {[%clk 1:32:36]} Bg4 {[%clk 1:19:51]} 7. h3 {[%clk 1:32:27]} Bxf3
{[%clk 1:09:52]} 8. Qxf3 {[%clk 1:32:53]} e5 {[%clk 1:03:12]} 9. dxe5
{[%clk 1:32:26]} dxe5 {[%clk 1:03:34]} 10. f5 {[%clk 1:32:25]} gxf5
{[%clk 0:53:23]} 11. Qxf5 {[%clk 1:23:51]} Ne8 {[%clk 0:49:06]} 12. Qg4
{[%clk 1:06:45]} Nc6 {[%clk 0:33:41]} 13. Bg5 {[%clk 1:03:40]} Qd6
{[%clk 0:27:42]} 14. Bd3 {[%clk 0:52:47]} Nd4 {[%clk 0:24:13]} 15. O-O-O
{[%clk 0:41:27]} Qe6 {[%clk 0:22:17]} 16. Qxe6 {[%clk 0:29:50]} fxe6
{[%clk 0:22:39]} 17. Rhf1 {[%clk 0:28:03]} Nd6 {[%clk 0:20:24]} 18. Nb1
{[%clk 0:25:10]} Rxf1 {[%clk 0:13:14]} 19. Rxf1 {[%clk 0:25:30]} b5
{[%clk 0:13:22]} 20. c3 {[%clk 0:22:24]} Nb3+ {[%clk 0:11:55]} 21. Kc2
{[%clk 0:22:46]} Nc5 {[%clk 0:12:02]} 22. Nd2 {[%clk 0:22:57]} Nxd3
{[%clk 0:11:38]} 23. Kxd3 {[%clk 0:23:24]} h6 {[%clk 0:06:28]} 24. Bh4
{[%clk 0:20:46]} Rb8 {[%clk 0:05:59]} 25. Kc2 {[%clk 0:15:38]} Kh7
{[%clk 0:05:55]} 26. Rf3 {[%clk 0:15:37]} Kg6 {[%clk 0:05:30]} 27. Bf2
{[%clk 0:14:39]} a6 {[%clk 0:05:10]} 28. Bh4 {[%clk 0:12:13]} a5 {[%clk 0:04:17]}
29. Bf2 {[%clk 0:11:49]} Bf6 {[%clk 0:03:57]} 30. Rg3+ {[%clk 0:11:14]} Kf7
{[%clk 0:03:59]} 31. Rf3 {[%clk 0:09:12]} Kg6 {[%clk 0:04:23]} 32. Bg3
{[%clk 0:09:01]} Rb6 {[%clk 0:02:39]} 33. h4 {[%clk 0:06:06]} h5 {[%clk 0:02:33]}
34. Bf2 {[%clk 0:06:04]} Rb8 {[%clk 0:02:27]} 35. g3 {[%clk 0:05:54]} Kf7
{[%clk 0:01:38]} 36. Kd3 {[%clk 0:04:43]} Rd8 {[%clk 0:01:46]} 37. Ke2
{[%clk 0:04:32]} Rg8 {[%clk 0:01:54]} 38. Rd3 {[%clk 0:04:37]} Be7
{[%clk 0:00:48]} 39. Rf3+ {[%clk 0:03:30]} Ke8 {[%clk 0:00:56]} 40. Rd3
{[%clk 0:31:05]} Rg7 {[%clk 0:30:53]} 41. Kf3 {[%clk 0:27:33]} Rf7+
{[%clk 0:31:07]} 42. Kg2 {[%clk 0:27:50]} Rg7 {[%clk 0:31:32]} 43. Kh3
{[%clk 0:26:58]} Rg4 {[%clk 0:21:52]} 44. Re3 {[%clk 0:25:39]} Kd7
{[%clk 0:20:52]} 45. b4 {[%clk 0:17:53]} a4 {[%clk 0:19:49]} 46. Rd3
{[%clk 0:14:34]} Ke8 {[%clk 0:14:07]} 47. Re3 {[%clk 0:14:39]} Kd7
{[%clk 0:13:41]} 48. Rd3 {[%clk 0:14:56]} Ke8 {[%clk 0:14:04]} 49. Re3
{[%clk 0:15:20]} 1/2-1/2

[Event "World Chess Olympiad 2018"]
[Site "Batumi"]
[Date "2018.09.26"]
[Round "3"]
[Board "1"]
[WhiteFideId "13601520"]
[White "Jobava Baadur"]
[BlackFideId "4901541"]
[Black "Bilguun Sumiya"]
[Result "1-0"]
[LiveChessVersion "1.4.8"]
[BlackElo "2489"]
[WhiteElo "2634"]

1. b3 {[%clk 1:30:47]} e5 {[%clk 1:28:16]} 2. Bb2 {[%clk 1:31:09]} Nc6
{[%clk 1:28:30]} 3. e3 {[%clk 1:31:33]} Nf6 {[%clk 1:23:24]} 4. h3
{[%clk 1:31:22]} d6 {[%clk 1:21:14]} 5. Bb5 {[%clk 1:24:10]} Bd7 {[%clk 1:20:49]}
6. Ne2 {[%clk 1:24:26]} g6 {[%clk 1:17:53]} 7. O-O {[%clk 1:22:32]} Bg7
{[%clk 1:16:28]} 8. d3 {[%clk 1:20:13]} Qe7 {[%clk 1:15:26]} 9. e4
{[%clk 1:16:07]} a6 {[%clk 1:05:45]} 10. Bxc6 {[%clk 1:16:32]} Bxc6
{[%clk 1:06:03]} 11. c4 {[%clk 1:16:50]} Nh5 {[%clk 0:51:55]} 12. Nbc3
{[%clk 1:15:54]} f5 {[%clk 0:48:44]} 13. Nd5 {[%clk 1:15:05]} Qf7
{[%clk 0:44:11]} 14. Rc1 {[%clk 0:54:34]} O-O {[%clk 0:40:44]} 15. Rc2
{[%clk 0:55:01]} Rad8 {[%clk 0:31:57]} 16. a4 {[%clk 0:54:47]} Bd7
{[%clk 0:30:24]} 17. a5 {[%clk 0:54:15]} Be6 {[%clk 0:29:36]} 18. f3
{[%clk 0:51:41]} c6 {[%clk 0:28:37]} 19. Nb6 {[%clk 0:52:02]} d5 {[%clk 0:26:48]}
20. cxd5 {[%clk 0:49:29]} cxd5 {[%clk 0:27:06]} 21. exf5 {[%clk 0:37:01]} gxf5
{[%clk 0:24:40]} 22. d4 {[%clk 0:37:19]} e4 {[%clk 0:23:33]} 23. Ba3
{[%clk 0:37:44]} Rfe8 {[%clk 0:22:46]} 24. f4 {[%clk 0:38:00]} Kh8
{[%clk 0:19:20]} 25. Qc1 {[%clk 0:34:36]} Rg8 {[%clk 0:19:05]} 26. Rc7
{[%clk 0:34:19]} Qg6 {[%clk 0:18:33]} 27. Rf2 {[%clk 0:34:34]} Bf6
{[%clk 0:17:05]} 28. Be7 {[%clk 0:34:06]} Bxe7 {[%clk 0:16:08]} 29. Rxe7
{[%clk 0:34:31]} Rg7 {[%clk 0:16:02]} 30. Qc7 {[%clk 0:34:46]} Rdg8
{[%clk 0:13:05]} 31. Rxg7 {[%clk 0:35:07]} Rxg7 {[%clk 0:11:12]} 32. Qb8+
{[%clk 0:35:22]} Rg8 {[%clk 0:06:47]} 33. Qe5+ {[%clk 0:35:47]} Qf6
{[%clk 0:05:39]} 34. Kh2 {[%clk 0:31:20]} Rg7 {[%clk 0:03:58]} 35. Na4
{[%clk 0:27:26]} Bg8 {[%clk 0:01:27]} 36. Qxf6 {[%clk 0:25:55]} Nxf6
{[%clk 0:01:55]} 37. Ng3 {[%clk 0:26:06]} Be6 {[%clk 0:01:48]} 38. Nc5
{[%clk 0:26:26]} Bc8 {[%clk 0:02:10]} 39. Nf1 {[%clk 0:26:51]} h5
{[%clk 0:01:23]} 40. Rc2 {[%clk 0:53:34]} Rg8 {[%clk 0:30:40]} 41. h4
{[%clk 0:51:33]} Ng4+ {[%clk 0:23:40]} 42. Kg1 {[%clk 0:49:48]} Re8
{[%clk 0:22:19]} 43. Re2 {[%clk 0:48:37]} Kg7 {[%clk 0:19:46]} 44. Ne3
{[%clk 0:49:03]} Nf6 {[%clk 0:20:08]} 45. Kf2 {[%clk 0:48:13]} Rd8
{[%clk 0:18:48]} 46. b4 {[%clk 0:48:22]} Ne8 {[%clk 0:18:31]} 47. Nd1
{[%clk 0:45:27]} Kf7 {[%clk 0:09:00]} 48. Nc3 {[%clk 0:44:48]} Nd6
{[%clk 0:07:19]} 49. Nxd5 {[%clk 0:43:16]} Bd7 {[%clk 0:03:24]} 50. Ne3
{[%clk 0:41:29]} Bb5 {[%clk 0:03:02]} 51. Rc2 {[%clk 0:41:55]} Rc8
{[%clk 0:01:57]} 52. Ke1 {[%clk 0:41:25]} Rg8 {[%clk 0:01:37]} 53. Nxb7
{[%clk 0:41:36]} Nxb7 {[%clk 0:01:17]} 54. Rc7+ {[%clk 0:42:03]} Ke6
{[%clk 0:00:52]} 55. Rxb7 {[%clk 0:42:31]} Rf8 {[%clk 0:00:34]} 56. Kd2
{[%clk 0:42:50]} Kd6 {[%clk 0:00:40]} 57. Rh7 {[%clk 0:43:15]} Rb8
{[%clk 0:00:44]} 58. Rxh5 {[%clk 0:43:26]} Bd3 {[%clk 0:01:03]} 59. Rh6+
{[%clk 0:43:33]} 1-0

[Event "World Chess Olympiad 2018"]
[Site "Batumi"]
[Date "2018.09.26"]
[Round "3"]
[Board "2"]
[WhiteFideId "4900880"]
[White "Battulga Namkhai"]
[BlackFideId "2905540"]
[Black "Cheparinov Ivan"]
[Result "0-1"]
[LiveChessVersion "1.4.8"]
[BlackElo "2715"]
[WhiteElo "2421"]

1. e4 {[%clk 1:30:59]} c5 {[%clk 1:30:54]} 2. Nf3 {[%clk 1:31:26]} d6
{[%clk 1:31:17]} 3. d4 {[%clk 1:31:53]} cxd4 {[%clk 1:31:41]} 4. Nxd4
{[%clk 1:32:19]} Nf6 {[%clk 1:32:05]} 5. Nc3 {[%clk 1:32:47]} a6 {[%clk 1:32:27]}
6. Be3 {[%clk 1:33:12]} e5 {[%clk 1:32:46]} 7. Nb3 {[%clk 1:33:38]} Be6
{[%clk 1:33:10]} 8. f3 {[%clk 1:34:03]} h5 {[%clk 1:33:29]} 9. Qd2
{[%clk 1:32:59]} Nbd7 {[%clk 1:33:53]} 10. Nd5 {[%clk 1:33:17]} Bxd5
{[%clk 1:34:14]} 11. exd5 {[%clk 1:33:45]} g6 {[%clk 1:34:33]} 12. Be2
{[%clk 1:32:06]} Bg7 {[%clk 1:34:51]} 13. O-O {[%clk 1:31:42]} b6
{[%clk 1:35:07]} 14. a4 {[%clk 1:28:46]} O-O {[%clk 1:35:22]} 15. a5
{[%clk 1:17:32]} b5 {[%clk 1:35:42]} 16. c4 {[%clk 1:17:36]} bxc4
{[%clk 1:33:54]} 17. Bxc4 {[%clk 1:18:03]} Qc7 {[%clk 1:28:51]} 18. Rfc1
{[%clk 1:09:29]} Qb7 {[%clk 1:28:59]} 19. Qd3 {[%clk 1:08:42]} e4
{[%clk 1:23:37]} 20. fxe4 {[%clk 1:07:47]} Ne5 {[%clk 1:14:12]} 21. Qc2
{[%clk 1:06:38]} Rac8 {[%clk 1:11:01]} 22. Ra4 {[%clk 0:56:22]} Rfe8
{[%clk 1:06:06]} 23. Bb6 {[%clk 0:39:04]} Nxe4 {[%clk 0:58:47]} 24. Qe2
{[%clk 0:21:17]} Nxc4 {[%clk 0:56:19]} 25. Raxc4 {[%clk 0:21:03]} Nc3
{[%clk 0:55:19]} 26. R4xc3 {[%clk 0:09:25]} Rxe2 {[%clk 0:52:49]} 27. Rxc8+
{[%clk 0:09:48]} Kh7 {[%clk 0:53:14]} 28. Nd4 {[%clk 0:08:45]} Rxb2
{[%clk 0:53:08]} 29. R8c6 {[%clk 0:08:28]} Qe7 {[%clk 0:51:05]} 30. Nc2
{[%clk 0:03:38]} Qe4 {[%clk 0:51:16]} 31. Ne1 {[%clk 0:03:20]} Qxd5
{[%clk 0:50:52]} 32. Nf3 {[%clk 0:03:34]} g5 {[%clk 0:49:34]} 33. Bc7
{[%clk 0:02:48]} g4 {[%clk 0:49:53]} 34. Nh4 {[%clk 0:01:48]} Bd4+
{[%clk 0:50:18]} 35. Kh1 {[%clk 0:02:15]} Qxc6 {[%clk 0:50:40]} 0-1